[Event "Western Province-chT"]
[Site "Cape Town"]
[Date "2018.08.11"]
[Round "3"]
[White "London, Leslie"]
[Black "Klaase, Shane"]
[Result "0-1"]
[WhiteElo "1779"]
[BlackElo "1571"]
[PlyCount "76"]
[EventDate "2018.08.04"]
[EventType "team-tourn"]
[EventRounds "11"]
[EventCountry "RSA"]
[SourceTitle "EXT 2020"]
[Source "ChessBase"]
[SourceDate "2019.10.17"]
[SourceVersion "1"]
[SourceVersionDate "2019.10.17"]
[SourceQuality "1"]
[WhiteTeam "Cape Town"]
[BlackTeam "Grassy Park"]
[WhiteTeamCountry "RSA"]
[BlackTeamCountry "RSA"]

1. e4 e6 2. d4 d5 3. e5 c5 4. c3 Nc6 5. Nf3 Qb6 6. Bd3 Nh6 7. 0-0 Bd7 8. dxc5 Bxc5 9. b4 Be7 10. Bxh6 gxh6 11. Qd2 0-0-0 12. a4 Qc7 13. Re1 f6 14. exf6 Bxf6 15. Na3 Ne5 16. Nxe5 Bxe5 17. Qxh6 Bf4 18. Qh4 e5 19. c4 e4 20. Bf1 Rhg8 21. Nb5 Qe5 22. h3 Rg5 23. cxd5 Rdg8 24. Rac1+ Kb8 25. d6 Rxg2+ 26. Bxg2 Qg7 27. Qg3 Bxg3 28. fxg3 Qxg3 29. Re2 Bxh3 30. Rcc2 Qd3 31. Rcd2 Rxg2+ 32. Rxg2 Bxg2 33. Rxg2 Qe3+ 34. Kh2 Qf4+ 35. Kh1 a6 36. d7 Qf1+ 37. Kh2 Qf8 38. Rd2 Qh6+ 0-1